000 00950nam a2200205 i 4500
001 172441
003 ES-MaACL
005 20231220210526.0
008 090707s1926 fr |||| | fre d
080 _a821.134.2 Rivas, Ángel de Saavedra, Duque de 1.07
080 _a929 Rivas, Ángel de Saavedra, Duque de
100 0 _aBoussagol, Gabriel.
_931040
245 1 0 _aAngel de Saavedra, Duc de Rivas
_b: sa vie, son oeuvre poétique : thèse pour le doctorat ès lettres /
_cprésentée a la faculté des lettres de Paris par Gabriel Boussagol.
260 _aToulouse :
_bImprimerie et librairie Édouard Privat ;
_aParis :
_bHenri Didier,
_c1926.
300 _aVIII, 481 p. ;
_c25 cm.
600 1 4 _aRivas, Ángel de Saavedra,
_cDuque de,
_d1791-1865
_997550
852 _aES-MaACL
_jE-12756
_9R.143698
_z.- Biblioteca Jacinto Martínez Lacalle
852 1 _aBA
_jF-1017
_z.- An. ms. : ded. del autor al Ateneo de Madrid
999 _c172441
_d172441